1871 1286 1438 1559 1136 1364 1410 1547 1034 1787 1262 1621 1087 1216 1124 1252 1652 1712 1148 1494 1401 1994 1400 1424 1476 1478 1836 1104 1077 1006 1224 1196 1799 1967 1178 1231 1318 1390 1765 1153 1024 1979 1731 1783 1405 1008 1049 1505 1112 1795 1932 1870 1251 1970 1074 1256 1754 1959 1319 1291 1531 1353 1505 1428 1329 1908 1248 1511 1037 1515 1602 1209 1007 1841 1910 1050 1432 1020 1261 1553 1671 1851 1238 1419 1842 1387 1706 1800 1765 1038 1773 1114 1493 1141 1584 1345 1155 1173 1557 BCNSPRNW ULIB Ver.6.0+V

เปลี่ยนเป็นภาษาไทย

Change to English
 แสดงรายละเอียดบรรณานุกรม
  กลับหน้าหลัก

Brief Record : Get Marc (ISO 2709) : E-mail record : QR code < ปิดหน้าต่าง
LEADER : 00000nam 2200000uu 4500
001    13399121181
003     ULIB
008    121108s2553||||th 000 0 tha d
020    ^a9786167324142
050  4 ^aLC94.T5^bส691ผ 2553
245 00 ^aแผนการศึกษาแห่งชาติ ฉบับปรับปรุง (พ.ศ. 2552-2559) /^cสำนักงานเลขาธิการสภาการศึกษา
250    ^aพิมพ์ครั้งที่ 1
260    ^aกรุงเทพฯ :^bสำนักงานเลขาธิการสภาการศึกษา,^c2553
300    ^a185 หน้า ;^c26 ซม.
650  4 ^aการพัฒนาการศึกษา
650  4 ^aแผนการศึกษาแห่งชาติ
710 2  ^aสำนักงานเลขาธิการสภาการศึกษา
945    ^p0^l0^i16591
945    ^p0^l0^i16593
945    ^p0^l0^i16598
995    ^aวิภา
999 ^a ทศพร
รายการนี้ยังไม่มีแท็ก
คุณยังไม่ได้ล็อกอิน คุณสามารถมีกิจกรรมร่วมกับเว็บไซต์ได้ แต่ต้องล็อกอินก่อน ::
  ล็อกอิน

รายการสื่อสารสนเทศ

ลำดับที่ ประเภท เลขเรียก/บาร์โค้ด สถานที่ สถานะ
1. วิทยาศาสตร์การแพทย์ และสุขภาพ
วิทยาศาสตร์การแพทย์ และสุขภาพ
LC94.T5 ส691ผ 2553  
  Barcode: 16591
ห้องสมุดวิทยาเขตสวรรค์ประชารักษ์
►หนังสือทั่วไป
บนชั้น
2. วิทยาศาสตร์การแพทย์ และสุขภาพ
วิทยาศาสตร์การแพทย์ และสุขภาพ
LC94.T5 ส691ผ 2553 ฉ.2 
  Barcode: 16593
ห้องสมุดวิทยาเขตสวรรค์ประชารักษ์
►หนังสือทั่วไป
บนชั้น
3. วิทยาศาสตร์การแพทย์ และสุขภาพ
วิทยาศาสตร์การแพทย์ และสุขภาพ
LC94.T5 ส691ผ 2553 ฉ.3 
  Barcode: 16598
ห้องสมุดวิทยาเขตสวรรค์ประชารักษ์
►หนังสือทั่วไป
บนชั้น

รายการใกล้เคียง
    หัวเรื่อง [การพัฒนาการศึกษา]
    หัวเรื่อง [แผนการศึกษาแห่งชาติ]

BibComment


ยังไม่เคยถูกคอมเมนท์

คอมเมนท์ทรัพยากรรายการนี้
  คอมเมนท์: แผนการศึกษาแห่งช..


 Copyright 2026. Bcnsprnw @Library